Running On Full (Record no. 324813)

MARC details
000 -LEADER
fixed length control field 00431nam a2200169Ia 4500
008 - FIXED-LENGTH DATA ELEMENTS--GENERAL INFORMATION
fixed length control field 230718s9999 xx 000 0 und d
020 ## - INTERNATIONAL STANDARD BOOK NUMBER
International Standard Book Number 9788129115799
041 ## - LANGUAGE CODE
Language code of text/sound track or separate title eng
082 ## - DEWEY DECIMAL CLASSIFICATION NUMBER
Classification number 975.8
Item number SHA
100 ## - MAIN ENTRY--PERSONAL NAME
Personal name Sharma T.T.
9 (RLIN) 173331
245 ## - TITLE STATEMENT
Title Running On Full
260 ## - PUBLICATION, DISTRIBUTION, ETC. (IMPRINT)
Date of publication, distribution, etc. 2010
Name of publisher, distributor, etc. Rupa.Co
300 ## - PHYSICAL DESCRIPTION
Extent 209
365 ## - TRADE PRICE
Currency code Rs.
Price amount 95.00
700 ## - ADDED ENTRY--PERSONAL NAME
Personal name Sharma T.T.
9 (RLIN) 173331
906 ## - LOCAL DATA ELEMENT F, LDF (RLIN)
d O:0082528-Apr-2010B:385531-Mar-2010
c GENRL
b 19
Holdings
Withdrawn status Lost status Damaged status Not for loan Home library Current library Date acquired Vendor Budget Code Cost, normal purchase price Bill number Total Checkouts Full call number Barcode Date last seen Discount Cost, replacement price Bill Date Koha item type Original Barcode
        Cummins College of Engineering for Women Pune Cummins College of Engineering for Women Pune 28/04/2010 Tbs GENRL 76.00 3855   975.8 CCEP-BK-36020 18/07/2023 19 95.00 31/03/2010 Books 036020